Népszokások József Attila költészetében

Elmentve itt :
Bibliográfiai részletek
Szerzők: Horváth Béla
József Attila
Dokumentumtípus: Cikk
Megjelent: 1981
Sorozat:Acta historiae litterarum hungaricarum 17
Kulcsszavak:Irodalomtudomány
Online Access:http://acta.bibl.u-szeged.hu/936
LEADER 00651nab a2200193 i 4500
001 acta936
005 20210420125225.0
008 161015s1981 hu o 0|| hun d
022 |a 0586-3708 
040 |a SZTE Egyetemi Kiadványok Repozitórium  |b hun 
041 |a hun 
100 1 |a Horváth Béla 
245 1 0 |a Népszokások József Attila költészetében  |h [elektronikus dokumentum] /  |c  Horváth Béla 
260 |c 1981 
300 |a 99-109 
490 0 |a Acta historiae litterarum hungaricarum  |v 17 
695 |a Irodalomtudomány 
700 0 1 |a József Attila  |e aut 
856 4 0 |u http://acta.bibl.u-szeged.hu/936/1/hist_litt_hung_017_099-109.pdf  |z Dokumentum-elérés